| 000 | 01230nam a2200361 i 4500 | ||
|---|---|---|---|
| 001 | 30487 | ||
| 003 | KOSZ 005 | ||
| 005 | 20220526083556.0 | ||
| 008 | 010223s1976 pl a |001 0 pol | ||
| 015 | _aPB 1977/517 | ||
| 040 |
_aWA N _cWA N _dKOSZ 005/HR |
||
| 041 | 0 | _apol | |
| 046 | _k1946 | ||
| 080 | _a37(438) | ||
| 080 | _a(081) | ||
| 100 | 1 |
_aKurdybacha, Łukasz _d(1907-1972) _eAutor |
|
| 245 | 1 | 0 |
_aPisma wybrane. _n[T. 1], _cŁukasz Kurdybacha ; wybrał i wstępem poprzedził Józef Miąso. |
| 260 |
_aWarszawa : _bWydawnictwa Szkolne i Pedagogiczne, _c1976. |
||
| 300 |
_a506, [2] s. : _bil., portr. ; _c21 cm. |
||
| 380 | _aKsiążki | ||
| 388 | _a1901-2000 | ||
| 388 | _a1945-1989 | ||
| 504 | _aBibliografia ważniejszych prac Ł. Kurdybachy s. 19-26. - Indeks. | ||
| 650 | 4 | _aPedagogika | |
| 650 | 4 | _aHistoria wychowania | |
| 650 | 4 | _aSzkolnictwo | |
| 651 | 7 | _aPolska | |
| 658 | _aEdukacja i pedagogika | ||
| 700 | 1 |
_aMiąso, Józef _d(1930- ) _eWybór |
|
| 710 | 2 |
_aWydawnictwa Szkolne i Pedagogiczne _4pbl. |
|
| 856 |
_uhttp://koha.tu.koszalin.pl/cgi-bin/koha/opac-detail.pl?biblionumber=30487 _yKatalog online BPK |
||
| 942 |
_2UKD _cKS |
||
| 999 |
_c30487 _d30487 |
||